Online
Catalog

América Latina en desarrollo : (Record no. 22435)

MARC details
000 -CABECERA
campo de control de longitud fija 00765nam a2200229 a 4500
001 - NÚMERO DE CONTROL
campo de control 000022938
003 - IDENTIFICADOR DEL NÚMERO DE CONTROL
campo de control DO-SdBNP
005 - FECHA Y HORA DE LA ÚLTIMA TRANSACCIÓN
campo de control 20240528191003.0
008 - DATOS DE LONGITUD FIJA--INFORMACIÓN GENERAL
campo de control de longitud fija 101123s1980 xxu 000 0 spa d
040 ## - FUENTE DE LA CATALOGACIÓN
Centro catalogador/agencia de origen DO-SdBNP
Lengua de catalogación spa
Centro/agencia transcriptor BNPHU
049 ## - FONDOS LOCALES (OCLC)
Fondos de biblioteca BNGR
082 #4 - NÚMERO DE LA CLASIFICACIÓN DECIMAL DEWEY
Número de clasificación 330.98
Número de documento/Ítem O77a
Número de edición 22
100 1# - ENTRADA PRINCIPAL--NOMBRE DE PERSONA
Nombre de persona Ortíz Mena, Antonio
9 (RLIN) 47160
245 10 - MENCIÓN DE TÍTULO
Título América Latina en desarrollo :
Resto del título una visión desde el BID: exposiciones y documentos, 1976-80 /
Mención de responsabilidad, etc. Antonio Ortíz Mena.
260 ## - PUBLICACIÓN, DISTRIBUCIÓN, ETC.
Lugar de publicación, distribución, etc. [s.l.] :
Nombre del editor, distribuidor, etc. BID,
Fecha de publicación, distribución, etc. [1980].
300 ## - DESCRIPCIÓN FÍSICA
Extensión 631 p. ;
Dimensiones 23 cm.
500 ## - NOTA GENERAL
Nota general Incluye índice
610 20 - PUNTO DE ACCESO ADICIONAL DE MATERIA--NOMBRE DE ENTIDAD CORPORATIVA
Nombre de entidad corporativa o nombre de jurisdicción como elemento de entrada Banco Interamericano de Desarrollo
9 (RLIN) 9655
651 #4 - PUNTO DE ACCESO ADICIONAL DE MATERIA--NOMBRE GEOGRÁFICO
Nombre geográfico América Latina
Subdivisión general Condiciones económicas
Subdivisión cronológica 1945-
9 (RLIN) 33045
710 24 - PUNTO DE ACCESO ADICIONAL--NOMBRE DE ENTIDAD CORPORATIVA
Nombre de entidad corporativa o nombre de jurisdicción como elemento de entrada Banco Interamericano de Desarrollo
9 (RLIN) 9655
942 ## - ELEMENTOS DE PUNTO DE ACCESO ADICIONAL (KOHA)
Fuente del sistema de clasificación o colocación Dewey Decimal Classification
Tipo de ítem Koha Libro
Holdings
Estado de retiro Estado de pérdida Restricciones de uso No para préstamo Código de colección Localización permanente Ubicación/localización actual Ubicación en estantería Fecha de adquisición Número de inventario Total de préstamos Signatura topográfica completa Código de barras Fecha visto por última vez Precio válido a partir de Tipo de ítem Koha Número de copia
    Préstamo interno   Monografías: Libros y Folletos General General En catalogación 23.11.2010 LF1   330.98 O77a 22938-10 25.06.2020 25.06.2020 Préstamo interno  
  Extraviado   Excluido de préstamo Monografías: Libros y Folletos General General Extraviado 17.04.2017 LF1   330.98 O77a 22938-20 25.06.2020 25.06.2020 No se presta e. 2

Powered by Koha